Taking sides: Clashing view on controversial environmental issues

Bewaard in:
Bibliografische gegevens
Formaat: Boek
Taal:Undetermined
Gepubliceerd in: Guilford, Connecticut Dushkin/McGraw-Hill 1997
Onderwerpen:
Tags: Voeg label toe
Geen labels, Wees de eerste die dit record labelt!
Thư viện lưu trữ: Trung tâm Học liệu Trường Đại học Cần Thơ
LEADER 00495nam a2200157Ia 4500
001 CTU_43990
008 210402s9999 xx 000 0 und d
082 |a 363.7 
082 |b T136 
245 0 |a Taking sides: Clashing view on controversial environmental issues 
260 |a Guilford, Connecticut 
260 |b Dushkin/McGraw-Hill 
260 |c 1997 
650 |a environmental policy,environmental protection 
904 |i Minh, 011017 
980 |a Trung tâm Học liệu Trường Đại học Cần Thơ